| 000 | 00893nam a22002297a 4500 | ||
|---|---|---|---|
| 999 |
_c17066 _d17066 |
||
| 003 | AR-CdUCM | ||
| 008 | 190507b ||||| |||| 00| 0 spa d | ||
| 040 |
_aMUNICIPALIDAD PROVINCIAL DEL CUSCO _cBIBLIOTECA MUNICIPAL DEL CUSCO |
||
| 041 | _heng | ||
| 082 |
_a610.9 / _bH28 |
||
| 100 |
_aHayward, John A. _936890 |
||
| 245 | _aHistoria de la medicina / | ||
| 260 |
_aMéxico : _bFondo de Cultura Económica, _c1956. |
||
| 300 |
_a321 páginas ; _bfiguras, tablas, ilustraciones, _c17 cm. |
||
| 505 | _aContenido: Medicina precientífica -- Medicina científica -- Lister y el sistema antiséptico -- La asepsia -- La bacteriología -- Los virus -- Enfermedades tropicales -- La bioquímica ... | ||
| 650 |
_aMedicina _93637 |
||
| 650 |
_aHistoria _9136 |
||
| 650 |
_aCiencia _92098 |
||
| 700 |
_aTorres, Carlos M. (traducción) _936891 |
||
| 942 |
_2ddc _cLIBROS |
||
| 945 |
_aachl _d2019-05-07 |
||